| 000 | 01021cam a22002891a 4500 | ||
|---|---|---|---|
| 001 | rc 01002788 | ||
| 003 | DLC | ||
| 005 | 20260227111907.0 | ||
| 007 | cr_||||||||||| | ||
| 008 | 810306r18651724nyua 000 0 eng | ||
| 010 | _arc 01002788 | ||
| 035 | _a(OCoLC)7200051 | ||
| 040 |
_aDLC _cViU _dPPiU _dDLC |
||
| 043 | _an-us-va | ||
| 050 | 0 | 0 |
_aF229 _b.J78 |
| 100 | 1 |
_aJones, Hugh, _d1669-1760. |
|
| 245 | 1 | 4 |
_aThe present state of Virginia / _cby Hugh Jones. |
| 260 |
_aNew York : _bReprinted for Joseph Sabin, _c1865. |
||
| 300 |
_a151 p. : _bill. ; _c22 cm. |
||
| 440 | 0 |
_aSabin's reprints ; _vno. 5 |
|
| 500 | _a"Two hundred copies printed. no. 63." | ||
| 500 | _aReprint of London edition of 1724, with facsimile of t.-p. | ||
| 530 | _aAlso available in digital form on the Internet Archive Web site. | ||
| 651 | 0 |
_aVirginia _xDescription and travel _vEarly works to 1800. |
|
| 650 | 0 |
_aIndians of North America _zVirginia _vEarly works to 1800. |
|
| 856 | 4 | 1 | _uhttp://hdl.loc.gov/loc.gdc/scd0001.00013514471 |
| 999 |
_c52405 _d52405 |
||